Şeriat ve kadın (Record no. 5889)

MARC details
000 -BAŞLIK
Sabit Uzunlukta Kontrol Alanı 00669na a2200253 4500
001 - KONTROL NUMARASI
Denetim Alanı 12741
003 - KONTROL NUMARASI IDENTIFIER
Denetim Alanı MIRAKIL
005 - SON İŞLEM TARİHİ VE ZAMANI
Denetim Alanı 20181213155050.0
008 - SABİT-BOY VERİ ELEMANLARI - GENEL BİLGİLER
Sabit Uzunlukta Kontrol Alanı 160923b tu 000 0
035 ## - SİSTEM KONTROL NUMARASI
Sistem Kontrol Numarası 12741
040 ## - KATALOGLAMA KAYNAK
Orijinal Kataloglama Ajansı Milas
Kataloglama Dili tur
Metne Dönüştürmek Ajansı TR-AnCHP
082 ## - DEWEY ONLU SINIFLANDIRMA NUMARASI
Sınıflandırma Numarası 297.14082
Ürün Numarası A67ş 1989
090 ## - SINIFLAMA NUMARASI
Sınıflama Numarası 297.19 A67ş 1989
100 ## - ANA GİRİŞ - KİŞİSEL İSİM
Kişisel Ad Arsel, İlhan
245 ## - BAŞLIK TABLOSU
Başlık Şeriat ve kadın
Sorumluluk Tablosu, Vb İlhan Arsel
250 ## - EDITION TABLOSU
Baskı Beyanı 4. bs
260 ## - YAYIN, DAĞITIM, VB
Yayın, Dağıtım, Vb Yeri İstanbul
Yayıncı, Dağıtıcı, Vs Adı [yayl.y]
Yayın, Dağıtım, Vb Tarihi 1989
Üretici Firma TÜMDA
300 ## - FİZİKSEL TANIM
Kapsam XVI, 476 s.
Boyutlar 24 sm.
504 ## - KAYNAKÇA VB NOT
Kaynakça Vb Notu Dizin var.
650 ## - KONU KATMA GİRİŞ - TOPİKAL DÖNEM
Topikal Süreli Veya Coğrafi Ad Giriş Elemanı İslam hukuku
Genel Alt Bölümü Kadınlar
650 ## - KONU KATMA GİRİŞ - TOPİKAL DÖNEM
Topikal Süreli Veya Coğrafi Ad Giriş Elemanı İslam dini
Genel Alt Bölümü Kadın hakları
650 ## - KONU KATMA GİRİŞ - TOPİKAL DÖNEM
Topikal Süreli Veya Coğrafi Ad Giriş Elemanı İslam dini
Genel Alt Bölümü Kadınlar
942 ## - EKLENDİ GİRİŞ ELEMANLARI (KOHA)
Sınıflandırma Veya Raf Düzeni Kaynak Dewey Decimal Classification
Koha Öğesi Türü Books
999 ## - SİSTEM KONTROL NUMARALARI (KOHA)
Koha Biblionumber 5889
Koha Biblioitemnumber 5889
Holdings
Kalıcı Konum Mevcut Konum Edinme Tarihi Edinim Kaynak Toplam Check-Out'Lar Tam Çağrı Numarası Barkod Tarih Son Görülme İtibaren Geçerli Fiyatlar Koha Öğesi Türü
CHP Kütüphanesi CHP Kütüphanesi 08/01/2016 Bağış   297.19 A67ş 1989 000434 08/01/2016 08/01/2016 Books